000 00491nam a22001817a 4500
003 UA-OsUOA
001 11342
007 ta
008 20050315b un ||||| |||| 00| 0 ukr d
100 _aАврамчук О.
942 _cSA
040 _aUA-OsUOA
_cUA-OsUOA
_dUA-OsUOA
245 _aДзвони з туману :[Оповідання]
300 _aС.69-70
955 _a0
773 0 _w0
_tДивослово
_dКиїв
_d2005
_g№3
650 7 _aХудожня література
_2UDC
999 _c297503
_d297503